Central Library OPAC University of Rajshahi
Normal view MARC view

Entry Personal Name

Number of records used in: 2

001 - CONTROL NUMBER

  • control field: 3907

003 - CONTROL NUMBER IDENTIFIER

  • control field: BD-RjUL

005 - DATE AND TIME OF LATEST TRANSACTION

  • control field: 20220627114240.0

008 - FIXED-LENGTH DATA ELEMENTS

  • fixed length control field: 220627|| aca||aabn | a|a d

040 ## - CATALOGING SOURCE

  • Original cataloging agency: BD-RjUL
  • Transcribing agency: BD-RjUL

100 ## - HEADING--PERSONAL NAME

  • Personal name: Rahman, M. Shamsur, Supervision

670 ## - SOURCE DATA FOUND

  • Source citation: Work cat.: (BD-RjUL)80046: Basher, Mohammed Norul Basher 3905, Environmental and Socio-Economic Impacts of Social Forestry in the high Barind Tract /, 2006